[Event "10. Lichtenberger Sommer"]
[Site "Berlin"]
[Date "2011.08.13"]
[Round "1.60"]
[White "Poeltelt, Helmut"]
[Black "Kornrumpf, Joachim"]
[Result "0-1"]
[WhiteElo "1716"]
[BlackElo "2099"]
[PlyCount "74"]
[EventDate "2011.??.??"]
[WhiteTeam "SC Eintracht Berlin e.V."]
[BlackTeam "Preetzer TSV"]

1. e4 c5 2. Nc3 e6 3. g3 Nc6 4. Bg2 g6 5. Nge2 Bg7 6. d3 Nge7 7. f4 Nd4 8. O-O
O-O 9. Be3 Nec6 10. Bf2 Rb8 11. Qd2 d6 12. Nd1 Nxe2+ 13. Qxe2 Qc7 14. c3 b5 15.
e5 Rd8 16. d4 cxd4 17. cxd4 Bb7 18. Rc1 Qd7 19. Qxb5 Nxe5 20. Qxd7 Nxd7 21. Be3
Bxg2 22. Kxg2 Nb6 23. b3 Nd5 24. Bg1 Nb4 25. a3 Nd5 26. b4 Rdc8 27. Ne3 Nc3 28.
Nd1 Nb5 29. Rxc8+ Rxc8 30. Rf3 Rc2+ 31. Kh3 Bxd4 32. Bxd4 Nxd4 33. Rd3 Ne2 34.
Rxd6 Ng1+ 35. Kg4 h5+ 36. Kg5 Kg7 37. Rd7 Nf3# 0-1

[Event "10. Lichtenberger Sommer"]
[Site "Berlin"]
[Date "2011.08.13"]
[Round "1.61"]
[White "Kapr, Klaus"]
[Black "Rausch, Erik"]
[Result "1-0"]
[WhiteElo "2058"]
[BlackElo "1821"]
[PlyCount "45"]
[EventDate "2011.??.??"]
[WhiteTeam "SC Friesen Lichtenberg e.V."]
[BlackTeam "vereinslos"]

1. e4 c5 2. Nf3 e6 3. d4 cxd4 4. Nxd4 Nc6 5. Be3 Qc7 6. Bd3 Nf6 7. Nc3 a6 8.
O-O Be7 9. f4 d6 10. Qf3 Bd7 11. Rae1 O-O-O 12. Nb3 Nb4 13. a3 Nxd3 14. cxd3
Bc6 15. Rc1 Kb8 16. Na4 Qd7 17. Nb6 Qe8 18. Na5 Bb5 19. e5 Nd5 20. Nxd5 exd5
21. Qxd5 Qd7 22. Qd4 Bc6 23. Qa7+ 1-0

[Event "10. Lichtenberger Sommer"]
[Site "Berlin"]
[Date "2011.08.13"]
[Round "1.63"]
[White "Jaeger, Andre"]
[Black "Jachym, Christoph"]
[Result "1-0"]
[WhiteElo "2044"]
[BlackElo "1585"]
[PlyCount "53"]
[EventDate "2011.??.??"]
[WhiteTeam "SC Rochade e.V."]
[BlackTeam "SC Zugzwang 95 e.V."]

1. d4 d5 2. c4 Nc6 3. cxd5 Qxd5 4. e3 e5 5. Nc3 Bb4 6. a3 Bxc3+ 7. bxc3 Qd6 8.
Bd3 Nge7 9. Ne2 O-O 10. O-O Kh8 11. Bb2 Bg4 12. f3 Bh5 13. e4 f5 14. exf5 exd4
15. cxd4 Be8 16. g4 Nd5 17. Qd2 Bd7 18. Rad1 Rae8 19. Be4 b6 20. Bxd5 Qxd5 21.
Nf4 Qb5 22. d5 Ne5 23. Qd4 Re7 24. Ne6 Bxe6 25. Qxe5 Bxd5 26. Qxe7 Qxb2 27.
Qxf8+ 1-0

[Event "10. Lichtenberger Sommer"]
[Site "Berlin"]
[Date "2011.08.13"]
[Round "1.65"]
[White "Kupfer, Michael"]
[Black "Kasper, Peter"]
[Result "1-0"]
[WhiteElo "2049"]
[BlackElo "1808"]
[PlyCount "47"]
[EventDate "2011.??.??"]
[WhiteTeam "SC Friesen Lichtenberg e.V."]
[BlackTeam "SG Eckturm"]

1. e4 c6 2. c4 d5 3. cxd5 cxd5 4. exd5 Qxd5 5. Nc3 Qd8 6. Nf3 e6 7. d4 Nf6 8.
Bd3 Nc6 9. O-O Nb4 10. Bb1 Nbd5 11. a3 Bd7 12. Ne5 Rc8 13. Nxd5 Nxd5 14. Qf3
Qf6 15. Qg3 Qd8 16. Be4 Bb5 17. Rd1 f6 18. Nf3 Bc6 19. Bxh7 Bd6 20. Qxg7 Rxh7
21. Qxh7 Ne7 22. Qh8+ Kd7 23. Qxf6 Qc7 24. Ne5+ 1-0

[Event "10. Lichtenberger Sommer"]
[Site "Berlin"]
[Date "2011.08.13"]
[Round "1.66"]
[White "Schmitt, Jens-Ole"]
[Black "Stiefel, Roland"]
[Result "0-1"]
[WhiteElo "1557"]
[BlackElo "2064"]
[PlyCount "110"]
[EventDate "2011.??.??"]
[WhiteTeam "SG Narva Berlin e.V."]
[BlackTeam "SSV Vimaria 91 Weimar"]

1. e4 c5 2. Nf3 a6 3. d4 cxd4 4. Nxd4 Nf6 5. Nc3 e5 6. Nb3 Bb4 7. Qd3 O-O 8.
Bg5 Qb6 9. f3 Qc6 10. Bxf6 gxf6 11. O-O-O Bxc3 12. Qxc3 Rd8 13. Qb4 d6 14. Na5
Qc7 15. Nc4 Nc6 16. Qb6 Qe7 17. Ne3 Be6 18. Bc4 Rac8 19. Nd5 Bxd5 20. Bxd5 Rd7
21. Qf2 Nd4 22. c3 b5 23. Kb1 Ne6 24. h4 Rb8 25. g4 b4 26. c4 Nd4 27. g5 Kh8
28. Rhg1 f5 29. h5 b3 30. a3 Rc7 31. g6 fxg6 32. hxg6 Qf6 33. Bf7 Rxf7 34. gxf7
fxe4 35. Rg8+ Rxg8 36. fxg8=Q+ Kxg8 37. Qg2+ Kf7 38. fxe4 Ke7 39. Rf1 Qh6 40.
Qg8 Nf3 41. Qg2 Nd2+ 42. Ka1 Nxf1 43. Qxf1 Qh2 44. Qe1 h5 45. Kb1 h4 46. Ka1
Qg3 47. Qc1 Qf4 48. Qg1 Kf6 49. Qd1 h3 50. Qxd6+ Kg5 51. Qd8+ Kg4 52. Qd1+ Qf3
53. Qd7+ Kg3 54. Qg7+ Kf2 55. Qa7+ Kf1 0-1

[Event "10. Lichtenberger Sommer"]
[Site "Berlin"]
[Date "2011.08.13"]
[Round "1.67"]
[White "Stadtmueller, Harald"]
[Black "Kuschfeldt, Karsten"]
[Result "1-0"]
[WhiteElo "2132"]
[BlackElo "1554"]
[PlyCount "85"]
[EventDate "2011.??.??"]
[WhiteTeam "VSG 1880 Offenbach"]
[BlackTeam "SV Königsjäger Süd-West e.V."]

1. d4 Nf6 2. Nf3 g6 3. Bf4 Bg7 4. e3 O-O 5. Be2 d6 6. O-O Nbd7 7. h3 c6 8. c4
Re8 9. Nc3 a6 10. a4 a5 11. Qd2 Nf8 12. Rfd1 Ne6 13. Bh2 Qb6 14. Qc2 Nc7 15. c5
Qa7 16. cxd6 Ncd5 17. Nxd5 Nxd5 18. dxe7 Rxe7 19. Bd6 Re8 20. Bc4 Be6 21. Ng5
Rad8 22. Bc5 b6 23. Nxe6 Rxe6 24. Ba3 Ree8 25. Bxd5 cxd5 26. Rac1 Qd7 27. Qc6
Qxc6 28. Rxc6 Rb8 29. Rdc1 Bf8 30. Bxf8 Kxf8 31. Rd6 b5 32. Rxd5 bxa4 33. Rxa5
Rxb2 34. Rxa4 Kg7 35. Ra7 Kf6 36. Rc6+ Re6 37. Rxe6+ Kxe6 38. g3 h5 39. h4 f6
40. Kg2 Kf5 41. Rf7 Rb6 42. Kf3 Re6 43. e4+ 1-0

[Event "10. Lichtenberger Sommer"]
[Site "Berlin"]
[Date "2011.08.13"]
[Round "1.68"]
[White "Reichert, Lutz"]
[Black "Franzke, Alexander"]
[Result "0-1"]
[WhiteElo "1757"]
[BlackElo "1981"]
[PlyCount "26"]
[EventDate "2011.??.??"]
[WhiteTeam "Schwarz-Weiß Neukölln e.V."]
[BlackTeam "Forster Schachclub 95"]

1. g3 d5 2. Bg2 Bf5 3. d3 Nf6 4. Nf3 h6 5. a3 e6 6. c4 Be7 7. Qb3 dxc4 8. dxc4
Nc6 9. O-O O-O 10. Rd1 Qe8 11. Bf4 Na5 12. Qc3 Qa4 13. b4 Qxd1+ 0-1

[Event "10. Lichtenberger Sommer"]
[Site "Berlin"]
[Date "2011.08.13"]
[Round "1.69"]
[White "Witte, Ronald"]
[Black "Voeller, Lothar"]
[Result "1-0"]
[WhiteElo "2063"]
[BlackElo "1662"]
[PlyCount "93"]
[EventDate "2011.??.??"]
[WhiteTeam "BSV 63 Chemie Weißensee"]
[BlackTeam "Freier Sportverein von 1898 Dort"]

1. Nf3 Nf6 2. c4 g6 3. d4 Bg7 4. Nc3 O-O 5. e4 d6 6. Be2 h6 7. O-O Nc6 8. d5
Ne5 9. Nxe5 dxe5 10. Be3 Ne8 11. Qd2 Kh7 12. f3 f5 13. exf5 Bxf5 14. g4 Bd7 15.
Qc2 Nf6 16. Bd3 Be8 17. h4 h5 18. g5 e4 19. gxf6 exd3 20. fxg7 Rxf3 21. Qd2
Rg3+ 22. Kh2 Rg4 23. Qf2 Qd6+ 24. Bf4 Qf6 25. Bg3 Qxg7 26. Rae1 Rxc4 27. Qe3
Bd7 28. Qxd3 Rd4 29. Qe3 Re8 30. Ne4 Rxd5 31. Ng5+ Kg8 32. Be5 Rxe5 33. Qxe5
Qxe5+ 34. Rxe5 Bf5 35. Rfe1 Kf8 36. Ne6+ Kg8 37. Nxc7 Rd8 38. Rd5 Rc8 39. Rxe7
Kf8 40. Rde5 Bg4 41. Kg3 a6 42. Kf4 Rd8 43. Kg5 Bf5 44. Rh7 Kg8 45. Ree7 Rd6
46. Ne8 Rb6 47. Nf6+ 1-0

[Event "10. Lichtenberger Sommer"]
[Site "Berlin"]
[Date "2011.08.13"]
[Round "1.70"]
[White "Duric, Rajko"]
[Black "Perestjuk, Marko"]
[Result "1/2-1/2"]
[WhiteElo "1808"]
[BlackElo "1964"]
[PlyCount "47"]
[EventDate "2011.??.??"]
[WhiteTeam "SC Kreuzberg e.V."]
[BlackTeam "SC Zitadelle Spandau 1977 e.V."]

1. e4 c5 2. Nc3 Nc6 3. f4 g6 4. Nf3 Bg7 5. e5 d6 6. Bb5 Nh6 7. d4 cxd4 8. Nxd4
O-O 9. Nxc6 bxc6 10. Bxc6 Bg4 11. Bf3 Bxf3 12. Qxf3 Qb6 13. Nd5 Qa6 14. Nxe7+
Kh8 15. Qc6 Qxc6 16. Nxc6 Rac8 17. Nxa7 Rxc2 18. O-O Rb8 19. a4 Nf5 20. Rf2
Rxf2 21. Kxf2 dxe5 22. fxe5 Bxe5 23. Nc6 Bxb2 24. Nxb8 1/2-1/2

[Event "10. Lichtenberger Sommer"]
[Site "Berlin"]
[Date "2011.08.13"]
[Round "1.71"]
[White "Rosebrock, Timotej Alexander"]
[Black "Engers, Felix"]
[Result "1-0"]
[WhiteElo "1934"]
[BlackElo "1536"]
[PlyCount "41"]
[EventDate "2011.??.??"]
[WhiteTeam "Basel SG"]
[BlackTeam "SC Zitadelle Spandau 1977 e.V."]

1. e4 c5 2. Nc3 Nc6 3. g3 d6 4. Bg2 Nf6 5. f4 g6 6. Nf3 Bg7 7. d3 a6 8. O-O Rb8
9. h3 Qc7 10. g4 e6 11. Be3 Ne7 12. Qd2 h5 13. g5 Nd7 14. Nh4 Nb6 15. Rae1 d5
16. exd5 exd5 17. f5 Bxc3 18. Qxc3 d4 19. Bxd4 Qg3 20. Bxh8 Nbd5 21. Qe5 1-0

[Event "10. Lichtenberger Sommer"]
[Site "Berlin"]
[Date "2011.08.13"]
[Round "1.73"]
[White "Dreke, Frank"]
[Black "Kornijenko, Alexander"]
[Result "1-0"]
[WhiteElo "2030"]
[BlackElo "1648"]
[PlyCount "33"]
[EventDate "2011.??.??"]
[WhiteTeam "Treptower SV 1949 e.V."]
[BlackTeam "vereinslos"]

1. e4 e5 2. Nf3 Nc6 3. d4 exd4 4. Bc4 Nf6 5. O-O Be7 6. e5 Ng4 7. Bf4 d6 8.
exd6 Bxd6 9. Re1+ Be7 10. c3 O-O 11. cxd4 Bf5 12. Nc3 Bd6 13. Qd2 a6 14. a3 Qd7
15. Rad1 Rad8 16. Nd5 Ne7 17. Bxd6 1-0

[Event "10. Lichtenberger Sommer"]
[Site "Berlin"]
[Date "2011.08.13"]
[Round "1.74"]
[White "Wiemann, Lea"]
[Black "Frey, Matthias"]
[Result "1-0"]
[WhiteElo "1518"]
[BlackElo "1948"]
[PlyCount "37"]
[EventDate "2011.??.??"]
[WhiteTeam "Queer-Springer SSV Berlin"]
[BlackTeam "Münsingen"]

1. d4 Nf6 2. c4 c5 3. Nf3 cxd4 4. Nxd4 g6 5. g3 Bg7 6. Bg2 Nc6 7. O-O O-O 8. e3
Qc7 9. b3 Rd8 10. Nc3 d5 11. Nxd5 Nxd5 12. cxd5 Nb4 13. Bb2 Qb6 14. Qc1 Nxd5
15. Rd1 Bg4 16. Rd2 Bh6 17. Bxd5 Rxd5 18. Qc3 Rc8 19. Nc6 1-0

[Event "10. Lichtenberger Sommer"]
[Site "Berlin"]
[Date "2011.08.13"]
[Round "1.76"]
[White "Becker, Uwe"]
[Black "Hoppensack, Manfred"]
[Result "1-0"]
[WhiteElo "1791"]
[BlackElo "2058"]
[PlyCount "113"]
[EventDate "2011.??.??"]
[WhiteTeam "SV Glück auf Rüdersdorf e.V."]
[BlackTeam "SC Friesen Lichtenberg e.V."]

1. c4 e5 2. Nc3 Nf6 3. g3 c6 4. Bg2 d5 5. cxd5 cxd5 6. d4 e4 7. Bg5 Be7 8. Qb3
Nbd7 9. e3 Qb6 10. Nge2 Qxb3 11. axb3 Bb4 12. O-O a5 13. Nf4 Bxc3 14. bxc3 b5
15. Bh3 Bb7 16. Rfc1 Nb6 17. Bxf6 gxf6 18. Nh5 Ke7 19. Ng7 Bc8 20. Bf1 Bd7 21.
c4 dxc4 22. bxc4 bxc4 23. Bxc4 Rhc8 24. Ba2 Rxc1+ 25. Rxc1 Rc8 26. Rb1 Nc4 27.
Rb7 Nd6 28. Ra7 a4 29. Kg2 Rb8 30. Nh5 Rb2 31. Bd5 Rb5 32. Nf4 Kd8 33. Ra8+ Kc7
34. Ra7+ Kc8 35. Ra8+ Kc7 36. Rxa4 Kb6 37. Ra8 Kc7 38. Ra7+ Kd8 39. Ra8+ Kc7
40. h3 Be8 41. Ba2 Bc6 42. Ra7+ Kb8 43. Ra6 Kb7 44. Ra3 Kc7 45. Rc3 Kd7 46. Rc5
Rb2 47. Bd5 Ba4 48. Nh5 Bd1 49. Nxf6+ Ke7 50. Nxe4 Nf5 51. Rc3 h5 52. Nc5 h4
53. g4 Nd6 54. Bf3 Bc2 55. Nd3 Bxd3 56. Rxd3 f6 57. Rc3 1-0

[Event "10. Lichtenberger Sommer"]
[Site "Berlin"]
[Date "2011.08.13"]
[Round "1.77"]
[White "Yin, Stanley"]
[Black "Llacer Bosbach, Ana"]
[Result "1-0"]
[WhiteElo "1990"]
[BlackElo "1526"]
[PlyCount "81"]
[EventDate "2011.??.??"]
[WhiteTeam "SC Caissa Schwarzenbach"]
[BlackTeam "CIM Benimaclet Valencia"]

1. g3 d5 2. Bg2 Nf6 3. c3 e5 4. Na3 Bxa3 5. Qa4+ Bd7 6. Qxa3 Qe7 7. Qb3 Bc6 8.
d3 O-O 9. Bg5 Nbd7 10. Nf3 h6 11. Be3 e4 12. dxe4 Qxe4 13. O-O Qc4 14. Nd4 Qxb3
15. axb3 a6 16. Nxc6 bxc6 17. b4 Nb6 18. b3 Ne4 19. Bxe4 dxe4 20. Ra5 Nd5 21.
Rc5 Nxe3 22. fxe3 Rfd8 23. Rf4 Rd1+ 24. Kf2 Rb1 25. Rxc6 Ra7 26. Rxe4 Rxb3 27.
Re8+ Kh7 28. Re7 a5 29. bxa5 Rxa5 30. Rxf7 Rb2 31. Rcxc7 Raa2 32. Rxg7+ Kh8 33.
Rh7+ Kg8 34. Rxh6 Rxe2+ 35. Kf3 Rf2+ 36. Kg4 Rfe2 37. Re6 Kf8 38. h4 Ra4+ 39.
c4 Rc2 40. Re4 Ra6 41. h5 1-0

[Event "10. Lichtenberger Sommer"]
[Site "Berlin"]
[Date "2011.08.13"]
[Round "1.78"]
[White "Priese, Annika"]
[Black "Yuan, Yizheng"]
[Result "1-0"]
[WhiteElo "1462"]
[BlackElo "1889"]
[PlyCount "99"]
[EventDate "2011.??.??"]
[WhiteTeam "SG 1871 Löberitz"]
[BlackTeam "Schachpinguine Berlin e.V."]

1. e4 e5 2. Nf3 Nc6 3. Bb5 a6 4. Ba4 Nf6 5. O-O Be7 6. Re1 b5 7. Bb3 O-O 8. h3
Bb7 9. c3 d6 10. d4 Re8 11. Nbd2 Bf8 12. Bc2 g6 13. Nf1 exd4 14. cxd4 Nb4 15.
Ng3 Nxc2 16. Qxc2 c5 17. d5 Nd7 18. b3 Rc8 19. Bb2 Bg7 20. Bxg7 Kxg7 21. h4 h5
22. Qc3+ Qf6 23. Qd2 Ne5 24. Ng5 c4 25. bxc4 bxc4 26. Rab1 Rc7 27. Rb6 Nd7 28.
Rb4 c3 29. Qc2 Bxd5 30. Rbb1 Be6 31. Re3 Rec8 32. Rc1 Qf4 33. Nf3 Ne5 34. Nxe5
dxe5 35. Qa4 c2 36. Qxa6 Rc3 37. Ree1 Rd8 38. Ne2 Qd2 39. Nxc3 Qxc3 40. Qe2 Rd2
41. Qf3 Rd3 42. Re3 Bc4 43. Rxd3 Bxd3 44. Qe3 Qd4 45. Qxd4 exd4 46. f3 Bxe4 47.
Kf2 Bd3 48. Ke1 Kf6 49. Kd2 Bf1 50. Rxf1 1-0

[Event "10. Lichtenberger Sommer"]
[Site "Berlin"]
[Date "2011.08.13"]
[Round "1.79"]
[White "Strehlow, Horst"]
[Black "Mildenberger, Hans"]
[Result "1-0"]
[WhiteElo "2074"]
[BlackElo "1633"]
[PlyCount "51"]
[EventDate "2011.??.??"]
[WhiteTeam "SC Friesen Lichtenberg e.V."]
[BlackTeam "SG BVG Helmholtz 55"]

1. d4 d5 2. c4 c6 3. Nf3 Nf6 4. Nc3 e6 5. Bg5 Be7 6. e3 O-O 7. Rc1 Nbd7 8. Bd3
dxc4 9. Bxc4 Nd5 10. Bxe7 Qxe7 11. O-O Nxc3 12. Rxc3 e5 13. dxe5 Nxe5 14. Nxe5
Qxe5 15. f4 Qe4 16. Bd3 Qd5 17. Qc2 Qh5 18. e4 Be6 19. f5 Bxa2 20. b3 Bxb3 21.
Rxb3 Qg5 22. Qf2 Rfd8 23. e5 Rd5 24. e6 fxe6 25. fxe6 Qe7 26. Qf7+ 1-0

[Event "10. Lichtenberger Sommer"]
[Site "Berlin"]
[Date "2011.08.13"]
[Round "1.80"]
[White "Mahler, Sonja"]
[Black "Kievelitz, Bernd"]
[Result "0-1"]
[WhiteElo "1656"]
[BlackElo "2070"]
[PlyCount "58"]
[EventDate "2011.??.??"]
[WhiteTeam "SC Kreuzberg e.V."]
[BlackTeam "SC Zitadelle Spandau 1977 e.V."]

1. d4 Nf6 2. Bf4 d5 3. e3 e6 4. Nf3 Be7 5. c4 O-O 6. a3 b6 7. Nc3 Bb7 8. Nb5
Na6 9. Qa4 c6 10. Nc3 dxc4 11. Qxc4 c5 12. Rd1 Qc8 13. Qa4 Nc7 14. Bd3 cxd4 15.
Nxd4 Ncd5 16. Nxd5 Nxd5 17. Be5 Rd8 18. Ke2 Bd6 19. Rc1 Qd7 20. Bb5 Qe7 21. Bg3
Bxg3 22. hxg3 Rac8 23. Rcg1 a6 24. Bd3 Nf6 25. Rh4 h6 26. Rgh1 b5 27. Nxb5 axb5
28. Qf4 Qd6 29. Rxh6 Qxd3+ 0-1

[Event "10. Lichtenberger Sommer"]
[Site "Berlin"]
[Date "2011.08.13"]
[Round "1.81"]
[White "Tiemer, Klaus"]
[Black "Theilig, Reinhard"]
[Result "1/2-1/2"]
[WhiteElo "1958"]
[BlackElo "1701"]
[PlyCount "78"]
[EventDate "2011.??.??"]
[WhiteTeam "TSG Oberschöneweide e.V."]
[BlackTeam "VfB Hermsdorf e.V."]

1. d4 Nf6 2. c4 e6 3. Nf3 d5 4. Nc3 Nbd7 5. e3 Be7 6. Bd3 dxc4 7. Bxc4 O-O 8.
e4 c6 9. O-O b5 10. Bd3 b4 11. Na4 a5 12. e5 Nd5 13. Qc2 h6 14. Qxc6 Nb8 15.
Qc2 Ba6 16. Bd2 Bxd3 17. Qxd3 Nc6 18. Rfc1 Qd7 19. Nc5 Bxc5 20. Rxc5 a4 21.
Rac1 Rfc8 22. Qc4 Nde7 23. Bxb4 Nxb4 24. Qxb4 Rcb8 25. Qd2 Qb7 26. Rc7 Qxb2 27.
Rxe7 Qxd2 28. Nxd2 Rb2 29. Ne4 Rxa2 30. h4 Re2 31. f3 a3 32. Kf1 Rb2 33. Rec7
a2 34. Rc8+ Rxc8 35. Rxc8+ Kh7 36. Ra8 Rb1+ 37. Kf2 a1=Q 38. Rxa1 Rxa1 39. g4
Ra3 1/2-1/2

[Event "10. Lichtenberger Sommer"]
[Site "Berlin"]
[Date "2011.08.13"]
[Round "1.82"]
[White "Hülse, Max"]
[Black "Kuehnemund, Lutz"]
[Result "1/2-1/2"]
[WhiteElo "1445"]
[BlackElo "2081"]
[PlyCount "153"]
[EventDate "2011.??.??"]
[WhiteTeam "Forster Schachclub 95"]
[BlackTeam "SC Friesen Lichtenberg e.V."]

1. d4 Nf6 2. Nf3 d5 3. Bf4 e6 4. e3 c5 5. c3 Nc6 6. Bd3 Qb6 7. b3 Bd7 8. Nbd2
Be7 9. Ne5 Rc8 10. Rc1 cxd4 11. exd4 Ba3 12. Rc2 Ne7 13. Nxd7 Nxd7 14. b4 a5
15. bxa5 Qxa5 16. Nb1 Ng6 17. Bg3 Be7 18. O-O O-O 19. Qd2 Qd8 20. Rfc1 Nf6 21.
Qe2 Bd6 22. Bxg6 hxg6 23. Bxd6 Qxd6 24. Nd2 Ra8 25. f3 Ra4 26. Rb1 Rfa8 27.
Rbb2 R8a7 28. Nb3 Nd7 29. Qd1 b6 30. Qb1 Nf6 31. Nd2 R7a6 32. Rb4 Qf4 33. Nf1
Rxb4 34. Qxb4 Qf5 35. Rd2 Qf4 36. Qb5 Ra3 37. Qb2 Qd6 38. Rd1 Ra6 39. Rd2 Qa3
40. Qxa3 Rxa3 41. Rc2 Ne8 42. Ng3 Nd6 43. Kf2 Nc4 44. Ke2 Kf8 45. Kd3 Ke7 46.
Nf1 Kd6 47. Ne3 Nxe3 48. Kxe3 f6 49. f4 b5 50. Kd3 b4 51. Kd2 bxc3+ 52. Rxc3
Rxa2+ 53. Rc2 Ra4 54. Kd3 Ra3+ 55. Ke2 e5 56. fxe5+ fxe5 57. dxe5+ Kxe5 58. Rc7
Ke4 59. Re7+ Kd4 60. Rxg7 Re3+ 61. Kd2 Re6 62. Rh7 Ra6 63. Rh4+ Ke5 64. Rg4 d4
65. h3 Ra2+ 66. Kd3 Ra3+ 67. Kd2 Kf5 68. Rxd4 Ra2+ 69. Ke3 Rxg2 70. Rf4+ Kg5
71. Kf3 Ra2 72. Kg3 Ra3+ 73. Rf3 Ra1 74. Rf2 Kh5 75. Rf8 Ra4 76. Rb8 Kg5 77.
Rf8 1/2-1/2

[Event "10. Lichtenberger Sommer"]
[Site "Berlin"]
[Date "2011.08.13"]
[Round "1.84"]
[White "Berg, Gerd"]
[Black "Barwich, Andreas"]
[Result "0-1"]
[WhiteElo "1623"]
[BlackElo "1963"]
[PlyCount "96"]
[EventDate "2011.??.??"]
[WhiteTeam "SK König Tegel 1949 e.V."]
[BlackTeam "SV Berolina Mitte e.V."]

1. c4 e6 2. Nc3 d5 3. cxd5 exd5 4. d4 Nf6 5. e3 c6 6. Nf3 Bd6 7. Be2 O-O 8. O-O
Bg4 9. g3 Nbd7 10. Qc2 Re8 11. Kg2 Nf8 12. Ng1 Bxe2 13. Ngxe2 Ng6 14. h3 Qd7
15. f4 Re7 16. f5 Nf8 17. g4 h6 18. Ng3 N8h7 19. Bd2 Qc7 20. Nce2 Ng5 21. Rae1
Nge4 22. Nf4 Nxg3 23. Kxg3 Re4 24. Kg2 Rae8 25. Rf3 Bxf4 26. Rxf4 Rxf4 27. exf4
Ne4 28. Re2 Qe7 29. Be1 Qd6 30. Qc1 Qf6 31. Bf2 Kh7 32. Qe1 Qd8 33. a3 Qb6 34.
Qg1 Qb3 35. Qf1 Qd3 36. Re1 Qd2 37. Qe2 Qxf4 38. Qc2 Kg8 39. Rf1 Nd2 40. Qd1
Qe4+ 41. Kg3 Nxf1+ 42. Qxf1 Qe2 43. Qc1 Qd3+ 44. Kh4 Re2 45. Bg3 Qxd4 46. b4
Qf6+ 47. Kh5 Kh7 48. Bf4 g6+ 0-1

[Event "10. Lichtenberger Sommer"]
[Site "Berlin"]
[Date "2011.08.13"]
[Round "1.85"]
[White "Baranowsky, Peter"]
[Black "Moeller, Dirk"]
[Result "0-1"]
[WhiteElo "1989"]
[BlackElo "1683"]
[PlyCount "68"]
[EventDate "2011.??.??"]
[WhiteTeam "Sfrd. Berlin 1903 e.V."]
[BlackTeam "SC Kreuzberg e.V."]

1. c4 e5 2. g3 f5 3. Bg2 Nf6 4. Nc3 Bc5 5. d3 Nc6 6. a3 a6 7. b4 Ba7 8. e3 d6
9. Nge2 O-O 10. O-O Ne7 11. Bb2 c6 12. Qd2 Ng6 13. e4 Bb8 14. d4 Ng4 15. h3 Nh6
16. exf5 Nxf5 17. Rad1 Be6 18. d5 Bd7 19. Ne4 Qc8 20. h4 cxd5 21. cxd5 Bb5 22.
Rc1 Qd7 23. Ng5 Ba7 24. Kh2 Nh6 25. f3 Rf7 26. Bh3 Nf5 27. Nxf7 Qxf7 28. Bxf5
Qxf5 29. Qc2 Qd7 30. Kg2 Ne7 31. f4 Nxd5 32. Qb3 Qe6 33. f5 Nf4+ 34. Nxf4 Qxb3
0-1

[Event "10. Lichtenberger Sommer"]
[Site "Berlin"]
[Date "2011.08.13"]
[Round "1.86"]
[White "Paris, Gerhard"]
[Black "Penner, Markus"]
[Result "1-0"]
[WhiteElo "1628"]
[BlackElo "1949"]
[PlyCount "73"]
[EventDate "2011.??.??"]
[WhiteTeam "TSG Oberschöneweide e.V."]
[BlackTeam "SK Zehlendorf e.V."]

1. e4 e5 2. Nc3 Nf6 3. g3 Bc5 4. d3 h6 5. Bg2 d6 6. Nf3 O-O 7. O-O a6 8. d4
exd4 9. Nxd4 Bg4 10. Qd3 Bxd4 11. Qxd4 Nc6 12. Qe3 Qd7 13. f4 Bh3 14. f5 Bxg2
15. Kxg2 Rfe8 16. Rf4 d5 17. Qe1 dxe4 18. Be3 Rad8 19. Rd1 Qe7 20. h3 Rxd1 21.
Qxd1 Rd8 22. Qe2 Qe5 23. Rf2 Rd7 24. g4 Nd4 25. Bxd4 Qxd4 26. Qe1 e3 27. Re2
Re7 28. Kf3 Nd5 29. Nxd5 Qxd5+ 30. Kg3 Re4 31. Kg2 Rxg4+ 32. Kh2 Qe5+ 33. Kh1
Qe4+ 34. Kh2 Qf4+ 35. Kh1 Rg3 36. Rg2 Qf3 37. Qxg3 1-0

[Event "10. Lichtenberger Sommer"]
[Site "Berlin"]
[Date "2011.08.13"]
[Round "1.87"]
[White "Kapp, Stefan"]
[Black "Werninghaus, Klaus Peter"]
[Result "1-0"]
[WhiteElo "1991"]
[BlackElo "1647"]
[PlyCount "53"]
[EventDate "2011.??.??"]
[WhiteTeam "TSV IFA Chemnitz"]
[BlackTeam "Dortmunder Schachverein 1875"]

1. d4 d5 2. c4 e6 3. Nc3 Nf6 4. Bg5 Nbd7 5. e3 h6 6. Bxf6 Nxf6 7. Nf3 c6 8. c5
Be7 9. b4 Qc7 10. Bd3 Nd7 11. O-O e5 12. e4 exd4 13. exd5 Qf4 14. dxc6 dxc3 15.
cxd7+ Bxd7 16. Re1 Qxb4 17. Rxe7+ Kxe7 18. Qe2+ Be6 19. Qe5 Rac8 20. Qd6+ Kf6
21. Rb1 Qxc5 22. Qf4+ Bf5 23. Rb5 Qxb5 24. Bxb5 c2 25. Qe5+ Kg6 26. Nh4+ Kh7
27. Qxf5+ 1-0

[Event "10. Lichtenberger Sommer"]
[Site "Berlin"]
[Date "2011.08.13"]
[Round "1.89"]
[White "Schwarz, Oliver"]
[Black "Bauer, Stefan"]
[Result "1-0"]
[WhiteElo "1960"]
[BlackElo "1684"]
[PlyCount "71"]
[EventDate "2011.??.??"]
[WhiteTeam "SV Königsjäger Süd-West e.V."]
[BlackTeam "SC Kreuzberg e.V."]

1. e4 c5 2. c3 Nc6 3. d4 cxd4 4. cxd4 e6 5. Nf3 Be7 6. d5 exd5 7. exd5 Nb8 8.
d6 Bf6 9. Bc4 Nh6 10. Qe2+ Kf8 11. O-O Nf5 12. Qd3 g6 13. Qd5 Nxd6 14. Qxd6+
Kg7 15. Qd5 Rf8 16. Nc3 Nc6 17. Bg5 Nb4 18. Bxf6+ Qxf6 19. Qd4 Qxd4 20. Nxd4 b6
21. Nd5 Nc6 22. Nxc6 dxc6 23. Nc7 Rb8 24. Rfe1 b5 25. Bb3 Bb7 26. Re7 a5 27.
Rae1 a4 28. Ne6+ Kh6 29. Nxf8 axb3 30. axb3 Rxf8 31. Rxb7 f5 32. h4 Rh8 33.
Ree7 g5 34. Re6+ Kh5 35. hxg5 Kxg5 36. Rxc6 1-0

[Event "10. Lichtenberger Sommer"]
[Site "Berlin"]
[Date "2011.08.13"]
[Round "1.90"]
[White "Wierzbicki, Jirawat"]
[Black "Koenig, Frank"]
[Result "0-1"]
[WhiteElo "1451"]
[BlackElo "1975"]
[PlyCount "56"]
[EventDate "2011.??.??"]
[WhiteTeam "TuS Makkabi Berlin e.V."]
[BlackTeam "BSG 1827 Eckbauer e.V."]

1. e4 c5 2. Nf3 g6 3. d4 cxd4 4. Nxd4 Nc6 5. Nc3 Bg7 6. Be3 Nf6 7. Bc4 Qa5 8.
f3 Qb4 9. Bb3 Nxe4 10. fxe4 Bxd4 11. Bxd4 Qxd4 12. Qf3 O-O 13. Rf1 Ne5 14. Qe2
a5 15. Rd1 Qb6 16. Kd2 a4 17. Nxa4 Rxa4 18. Bxa4 Qd4+ 19. Kc1 Qxa4 20. Kb1 d6
21. h3 Be6 22. b3 Qa3 23. Rf4 Ra8 24. c4 b5 25. cxb5 Bxb3 26. Rd2 Rc8 27. Qe1
Nd3 28. Qf1 Rc1+ 0-1

[Event "10. Lichtenberger Sommer"]
[Site "Berlin"]
[Date "2011.08.13"]
[Round "1.91"]
[White "Mai, Andreas"]
[Black "Lehmann, Tornalf"]
[Result "1-0"]
[WhiteElo "1943"]
[BlackElo "1637"]
[PlyCount "69"]
[EventDate "2011.??.??"]
[WhiteTeam "SC Friesen Lichtenberg e.V."]
[BlackTeam "SC Heilsbronn 1951 e.V."]

1. e4 Nf6 2. e5 Nd5 3. d4 d6 4. Nf3 g6 5. c3 Bg7 6. exd6 exd6 7. Bg5 Nf6 8. Be2
O-O 9. O-O d5 10. Ne5 Qd6 11. Nd2 Ne4 12. Nxe4 dxe4 13. Bf4 Qd8 14. Bc4 Nd7 15.
Nxd7 Qxd7 16. Re1 b5 17. Bb3 Bb7 18. d5 Kh8 19. Rxe4 Rad8 20. Re1 Qc8 21. Re7
Rd7 22. Rxd7 Qxd7 23. Qf3 Re8 24. Rd1 Qe7 25. Be3 f5 26. h3 a5 27. a3 a4 28.
Ba2 Qd6 29. Bf4 Qe7 30. Qd3 Ba6 31. d6 Qd7 32. dxc7 Re1+ 33. Rxe1 Qxd3 34. Re8+
Bf8 35. Be5# 1-0

[Event "10. Lichtenberger Sommer"]
[Site "Berlin"]
[Date "2011.08.13"]
[Round "1.92"]
[White "Libera, Kay"]
[Black "Bruening, Wolfgang"]
[Result "0-1"]
[WhiteElo "1400"]
[BlackElo "1958"]
[PlyCount "46"]
[EventDate "2011.??.??"]
[WhiteTeam "vereinslos"]
[BlackTeam "Queer-Springer SSV Berlin"]

1. e4 c5 2. Nf3 d6 3. d4 cxd4 4. Nxd4 Nf6 5. Nc3 g6 6. Bd3 Bg7 7. O-O O-O 8.
Kh1 Nc6 9. Nf3 Bd7 10. Be3 Rc8 11. a3 Qa5 12. b4 Qh5 13. Ng1 Ng4 14. h3 Bxc3
15. Be2 Bxa1 16. Bxg4 Bxg4 17. Qxa1 Be6 18. f4 Bc4 19. Re1 e5 20. g4 Qh4 21. f5
gxf5 22. exf5 Qg3 23. Qd1 Nd4 0-1